Podnikový knowledge management: konkurenčná výhoda

Koncepcie a prístupy v oblasti manažmentu poznatkov a vývoja vzdelávacej spoločnosti. Špecifické kategórie tvoriace význam pojmu "poznatky". Jednotlivé typy poznatkov. Hierarchické prepojenie rôznych úrovní poznatkov. Poznatková vyspelosť ľudí a konkurencieschopnosť .

Gespeichert in:
Bibliographische Detailangaben
1. Verfasser: Burger, Ivan
Format: Buchkapitel
Sprache:Slowakisch
Schlagworte:
Tags: Tag hinzufügen
Keine Tags, Fügen Sie das erste Tag hinzu!

MARC

LEADER 00000naa$a2200000$$$4500
001 0114145
005 20231116120915.7
041 0 |a slo 
044 |a SK 
245 1 0 |a Podnikový knowledge management: konkurenčná výhoda  |c Ivan Burger 
520 |a Koncepcie a prístupy v oblasti manažmentu poznatkov a vývoja vzdelávacej spoločnosti. Špecifické kategórie tvoriace význam pojmu "poznatky". Jednotlivé typy poznatkov. Hierarchické prepojenie rôznych úrovní poznatkov. Poznatková vyspelosť ľudí a konkurencieschopnosť . 
610 2 0 |a manažment znalostný 
610 2 0 |a manažéri 
610 2 0 |a riadenie podnikové 
610 2 0 |a nástroje riadenia 
610 2 0 |a zdroje ľudské 
610 2 0 |a typológia pracovníkov 
610 2 0 |a učiaca sa organizácia 
610 2 0 |a výhody konkurenčné 
100 1 |a Burger, Ivan